[Event "IECC Swiss-514.3"]
[Site "IECC email"]
[Date "2007.08.07"]
[Round "?"]
[White "Barnard, Paul"]
[Black "Ormando, Nicola"]
[Result "0-1"]
[WhiteElo "1139"]
[BlackElo "1383"]
[PlyCount "94"]
[EventDate "2007.??.??"]
[EventType "swiss (corr)"]
[EventRounds "1"]
[SourceTitle "Corr 2020"]
[Source "ChessBase"]
[SourceDate "2019.09.30"]
[SourceVersion "1"]
[SourceVersionDate "2019.09.30"]
[SourceQuality "1"]
[WhiteTeam "England"]
[BlackTeam "Italy"]
[WhiteTeamCountry "ENG"]
[BlackTeamCountry "ITA"]

1. e4 c5 2. Bc4 Nc6 3. Nc3 e6 4. Nf3 a6 5. d4 b5 6. d5 Nd4 7. dxe6 dxe6 8. Bxb5+ axb5 9. Nxd4 cxd4 10. Nxb5 Qa5+ 11. c3 Qxb5 12. a4 Qa5 13. Qxd4 Ba6 14. b4 Qc7 15. Be3 Be7 16. b5 Bxb5 17. e5 Rd8 18. axb5 Rxd4 19. Bxd4 f6 20. b6 Qc6 21. 0-0 fxe5 22. Bxe5 Bf6 23. Bc7 Ne7 24. Rab1 0-0 25. Bg3 Bxc3 26. b7 e5 27. b8Q Rxb8 28. Rxb8+ Kf7 29. Rc1 Qd5 30. Rbb1 Qa2 31. h3 Nf5 32. Rb7+ Kg6 33. Kh2 Qd2 34. Rb6+ Kh5 35. Rf1 Bd4 36. Rbb1 Nxg3 37. fxg3 Bf2 38. Rb7 Kh6 39. Rf7 Bd4 40. Re7 Qe3 41. h4 Bc5 42. Rd7 g5 43. Rf6+ Kh5 44. Rd1 Kg4 45. Rf3 Qe2 46. Rdf1 e4 47. Rf5 h6 0-1

[Event "IECC CL7-2006.15 email"]
[Site "IECC email"]
[Date "2006.10.01"]
[Round "?"]
[White "Barnard, Paul"]
[Black "Virgili, Alberto"]
[Result "1-0"]
[WhiteElo "1063"]
[BlackElo "1113"]
[PlyCount "143"]
[EventDate "2006.??.??"]
[EventType "tourn (corr)"]
[EventRounds "4"]
[SourceTitle "Corr 2020"]
[Source "ChessBase"]
[SourceDate "2019.09.30"]
[SourceVersion "1"]
[SourceVersionDate "2019.09.30"]
[SourceQuality "1"]
[WhiteTeam "England"]
[BlackTeam "Italy"]
[WhiteTeamCountry "ENG"]
[BlackTeamCountry "ITA"]

1. e4 g6 2. Nf3 c5 3. g3 Bg7 4. Bg2 Nc6 5. 0-0 Nf6 6. Nc3 b6 7. d4 Ba6 8. Re1 0-0 9. dxc5 bxc5 10. e5 Ne8 11. Nd5 e6 12. Nf4 Rb8 13. b3 d6 14. Bb2 dxe5 15. Qxd8 Rxd8 16. Nxe5 Nxe5 17. Bxe5 Rd2 18. Bxg7 Nxg7 19. c4 e5 20. Rxe5 Ne6 21. Nxe6 fxe6 22. f4 Kg7 23. Bh3 Bb7 24. Rxc5 h5 25. Re1 Rxa2 26. Rxe6 Ba8 27. Bf1 Rf6 28. Rc7+ Rf7 29. Rxf7+ Kxf7 30. Rd6 Be4 31. c5 Bf5 32. Ra6 Rxa6 33. Bxa6 Ke7 34. Kf2 Be4 35. b4 Ke6 36. Ke3 Bd5 37. Kd4 Bf3 38. Bc4+ Kf6 39. b5 Bb7 40. c6 Bc8 41. Kc5 Bg4 42. Kd6 h4 43. Kc7 hxg3 44. hxg3 Ke7 45. b6 axb6 46. Bb5 Bf3 47. Kxb6 Bg4 48. Kc7 Bf3 49. Bd3 Kf6 50. Kd7 Bg4+ 51. Kd8 Bf3 52. c7 Bb7 53. Be4 Ba6 54. g4 Kf7 55. f5 gxf5 56. gxf5 Kf6 57. Kd7 Bb5+ 58. Kc8 Ke7 59. Kb8 Bd7 60. c8Q Bxc8 61. Kxc8 Ke8 62. Kc7 Ke7 63. Kc6 Kf7 64. Kd6 Kf6 65. Kd5 Kf7 66. Ke5 Ke7 67. f6+ Kf7 68. Bd5+ Ke8 69. f7+ Ke7 70. Be6 Kf8 71. Kd6 Kg7 72. Ke7 1-0

[Event "IECC CL8-2006.08 email"]
[Site "IECC email"]
[Date "2006.07.31"]
[Round "?"]
[White "Barnard, Paul"]
[Black "Lazejevas, Arturas"]
[Result "1-0"]
[WhiteElo "1000"]
[BlackElo "993"]
[PlyCount "40"]
[EventDate "2006.??.??"]
[EventType "tourn (corr)"]
[EventRounds "4"]
[SourceTitle "Corr 2020"]
[Source "ChessBase"]
[SourceDate "2019.09.30"]
[SourceVersion "1"]
[SourceVersionDate "2019.09.30"]
[SourceQuality "1"]
[WhiteTeam "England"]
[BlackTeam "Lithuania"]
[WhiteTeamCountry "ENG"]
[BlackTeamCountry "LTU"]

1. g3 e5 2. Bg2 Na6 3. Nf3 d6 4. h3 d5 5. 0-0 e4 6. Nd4 c5 7. Nb5 Nf6 8. d4 Qb6 9. a4 Bd7 10. N1a3 Nb4 11. c3 a6 12. cxb4 axb5 13. a5 Qe6 14. dxc5 e3 15. Bxe3 h5 16. Qd3 b6 17. Nxb5 bxa5 18. Nc7+ Ke7 19. Nxe6 Bxe6 20. Rxa5 g6 1-0